বাবরের আত্মকথা / (Record no. 79963)
[ view plain ]
| 000 -LEADER | |
|---|---|
| fixed length control field | 01024nam a2200253 a 4500 |
| 001 - CONTROL NUMBER | |
| control field | 79963 |
| 003 - CONTROL NUMBER IDENTIFIER | |
| rucl marc code | BD-RjUL |
| 005 - DATE AND TIME OF LATEST TRANSACTION | |
| control field | 20220613160129.0 |
| 008 - FIXED-LENGTH DATA ELEMENTS--GENERAL INFORMATION | |
| fixed length control field | 220613s2017 bg ||||| |||| 00| 0 ben d |
| 020 ## - INTERNATIONAL STANDARD BOOK NUMBER | |
| International Standard Book Number | 9847000002914 |
| 035 ## - SYSTEM CONTROL NUMBER | |
| System control number | (BD-RjUL)79963 |
| 040 ## - CATALOGING SOURCE | |
| Original cataloging agency | BD-RjUL |
| Language of cataloging | eng |
| Transcribing agency | BD-RjUL |
| 041 ## - LANGUAGE CODE | |
| Language code of text/sound track or separate title | ben |
| 082 ## - DEWEY DECIMAL CLASSIFICATION NUMBER | |
| Edition number | 23 |
| Classification number | 954.0252 |
| Author mark and year | BAB 2017 |
| 245 ## - TITLE STATEMENT | |
| Title | বাবরের আত্মকথা / |
| Statement of responsibility, etc. | অনুবাদ শচীন্দ্রলাল রায় |
| 260 ## - PUBLICATION, DISTRIBUTION, ETC. (IMPRINT) | |
| Place of publication, distribution, etc. | ঢাকা : |
| Name of publisher, distributor, etc. | জাতীয় সাহিত্য প্রকাশ, |
| Date of publication, distribution, etc. | ২০১৭ |
| 300 ## - PHYSICAL DESCRIPTION | |
| Pagination | ১৭০ পৃ.; |
| Size | ২২ সেমি. |
| 600 ## - SUBJECT ADDED ENTRY--PERSONAL NAME | |
| Personal name | বাবর, হিন্দুস্তানের সম্রাট, |
| Dates associated with a name | ১৪৮৩-১৫৩০ |
| Personal name | Babur, Emperor of Hindustan, |
| Dates associated with a name | 1483-1530 |
| 650 ## - SUBJECT ADDED ENTRY--TOPICAL TERM | |
| Topical term or geographic name as entry element | ভারত |
| General subdivision | মোগল সাম্রাজ্য |
| 9 (RLIN) | 3580 |
| Topical term or geographic name as entry element | India |
| General subdivision | Mogul Empire |
| 9 (RLIN) | 3581 |
| 700 ## - ADDED ENTRY--PERSONAL NAME | |
| Personal name | রায়, শচীন্দ্রলাল |
| 942 ## - ADDED ENTRY ELEMENTS (KOHA) | |
| Source of classification or shelving scheme | Dewey Decimal Classification |
| Koha item type | Books |
| Lost status | Source of classification or shelving scheme | Damaged status | Not for loan | Collection code | Permanent Location | Current Location | Shelving location | Date acquired | Source of acquisition | Cost, normal purchase price | Total Checkouts | Full call number | Date last seen | Copy number | Koha item type | Date checked out |
|---|---|---|---|---|---|---|---|---|---|---|---|---|---|---|---|---|
| Dewey Decimal Classification | Not For Loan | Non-fiction | Central Library, University of Rajshahi | Central Library, University of Rajshahi | Reading Room | 17/04/2022 | Jatiya sahitya prakash | 227.50 | B 954.0252 BAB 2017 | 13/06/2022 | C-1 | Books | ||||
| Dewey Decimal Classification | Non-fiction | Central Library, University of Rajshahi | Central Library, University of Rajshahi | General Stacks | 17/04/2022 | Jatiya sahitya prakash | 227.50 | 1 | B 954.0252 BAB 2017 | 06/06/2024 | C-2 | Books | 05/06/2024 |